Vanguardia latinoamericana: historia y crítica y documentos

Na minha lista:
Detalhes bibliográficos
Autor principal: Mendonca Teles, Gilberto (autor)
Outros Autores: Müller-Bergh, Klaus (autor)
Formato: Livro
Idioma:espanhol
Publicado em: Madrid Iberoamericana 2007
Edição:2a. ed
Assuntos:
Tags: Adicionar Tag
Sem tags, seja o primeiro a adicionar uma tag!

MARC

LEADER 00000nam a2200000 a 4500
001 UCI9351
003 CL-VaPUC
008 081113e20070000SP |||||||||||||||||spa|d
020 |a 9788484892526v.1 
082 0 4 |a H860.9  |b MEN  |2 21 
100 |a Mendonca Teles, Gilberto  |e autor  |9 533037 
700 |a Müller-Bergh, Klaus  |e autor  |9 533038 
245 1 0 |a Vanguardia latinoamericana: historia y crítica y documentos 
250 |a 2a. ed 
300 |a v 
942 |c BK 
945 |d 20081113 00:00:00  |a rbrito 
260 |a Madrid  |b Iberoamericana  |c 2007 
500 |a t.1: México y América Central 
650 0 |a Literatura hispanoamericana  |9 269097 
650 0 |a Historia y crítica   |9 257407 
650 0 |a Literatura mexicana  |9 313097 
650 0 |a Crítica literaria   |9 269189 
650 7 |a LITERATURA CENTROAMERICANA  |2 CL-VaPUC  |9 533039 
651 0 |a México  |9 255269 
651 0 |a América Central  |9 255026 
583 |a last modification  |c 20081113 00:00:00  |k Rodrigo Vera 
999 |c 331910  |d 331908 
952 |0 0  |1 0  |4 0  |6 H_860_900000000000000_MEN_2007  |7 0  |8 A  |9 419124  |a FDOPOS  |b BIBEDU  |d 2019-11-22  |i 4495764  |l 1  |o H860.9 MEN 2007  |p 4495764  |r 2023-06-07  |s 2023-05-04  |w 2019-11-22  |y BK  |k DLH